Konsep asas perbankan

Bibliographic Details
Main Author: Rosli Mahmood
Format: Book
Published: Kuala Lumpur : Dewan Bahasa dan Pustaka , 1996
Subjects:

MARC

LEADER 00000cam a2200000 7i4500
001 0000003550
005 20050622.0
020 |a 9836243909 
040 |a INS 
090 0 0 |a HG3300.6.A6   |b R64 1996 
100 0 |a Rosli Mahmood 
245 1 0 |a Konsep asas perbankan   |c Rosli Mahmood 
260 |a Kuala Lumpur :   |b Dewan Bahasa dan Pustaka ,   |c 1996 
300 |a 172p. 
650 0 0 |a Bank and banking 
999 |a 0000006880   |b BOOK   |c Open Shelf   |e Default branch